00683cam a22002291 4500001001300000003000400013005001700017008004100034010001700075035002000092040001900112042001200131050001600143060002300159100002900182245010500211260005600316300002200372700002000394700002200414999001700436med47000459 DLC20260227111559.0810815s1946 xx a 000 0 spa  amed47000459  a(OCoLC)14734113 aDLCcDNLMdDLC apremarc00aRC253b.V330 aWD 300bV293a 19462 aVarela Fuentes, Benigno.10aAlergia en la práctica clínicac[por] B. Varela Fuentes ... P. P. Recarte ... [y] A. Graña ... aBuenos Aires [etc.]bEspasa-Calpe argentina,c1946. axxi, 974 p.bill.1 aRecarte, Pablo.1 aGraña, Alfonso. c38085d38085